| 000 | 01063cam a2200169 4500500 | ||
|---|---|---|---|
| 005 | 20260111094025.0 | ||
| 041 | _afre | ||
| 042 | _adc | ||
| 100 | 1 | 0 |
_aBittinger, Nathalie _eauthor |
| 245 | 0 | 0 | _aLe tour du propriétaire |
| 260 | _c2021. | ||
| 500 | _a88 | ||
| 520 | _aDe Métropolis à Parasite, le cinéma jette un regard acéré sur la ségrégation spatiale et les divisions sociales inscrites dans l’habitat. Mais il envisage aussi une réconciliation entre les classes sociales, enregistre les traces de ce qui est voué à disparaître et montre des lieux véritablement habités. | ||
| 520 | _aFrom Metropolis to Parasite, cinema has taken a sharp look at spatial segregation and social divisions inscribed in housing. However it also stages a reconciliation between social classes, records traces of what is doomed to disappear and shows places that are truly inhabited. | ||
| 786 | 0 | _nEsprit | Septembre | 9 | 2021-09-13 | p. 75-82 | 0014-0759 | |
| 856 | 4 | 1 | _uhttps://shs.cairn.info/revue-esprit-2021-9-page-75?lang=fr&redirect-ssocas=7080 |
| 999 |
_c1627792 _d1627792 |
||